000 00480nam a2200181Ia 4500
008 131103s9999 xx 000 0 und d
040 _aLoreto College
041 _aEnglish
082 _a920/SHE
_bLCLIB
100 _aSheean, Vincent
245 _aPersonal history(in search of history)
_cVincent Sheean
260 _aLondon
_bHamish Hamilton
_c1937
300 _a448p.
_c 23cm.
504 _aIncludes index
650 _aBiography
850 _aLCLIB/920/SHE
942 _cBK
999 _c24997
_d75476